000 00283nam a2200109Ia 4500
008 190216s9999||||xx |||||||||||||| ||und||
100 _aSwamy Nathan & Geoffery K Francies
245 0 _aBusiness Organisation
260 _bSulthan Chand&Sons
_c1972
300 _a157+51
942 _cBK
999 _c4752
_d4752